01794nam a2200433 i 450000100060000000300080000600500170001400600190003100700150005000800410006502000270010603500230013303500240015603500250018003500220020504000310022705000240025808000070028208200160028910000280030524501540033326400430048730000680053033600310059833700330062933800480066250400340071058801530074459001740089765000230107165000370109465000310113165000320116265000360119465500320123079700190126285600620128199900170134346159FlNmELB20241216231746.0m o d | cr cnu||||||||171117s2010 sp a ob 000 0 spa d a9788498237740 (e-book) a(MiAaPQ)EBC5102689 a(Au-PeEL)EBL5102689 a(CaPaEBR)ebr11453354 a(OCoLC)1105397814 aFINmELBbspaerdacFINmELB 4aHQ767.9bC1175 2010 a370 a305.2312231 aCabrera, Eliseo Andreu.10a℗·Juego o deporte? :ban{acute}alisis psicopedag{acute}ogico de la riqueza motriz de los juegos tradicionales infantiles /cEliseo Andreu Cabrera. 1aSevilla :bWanceulen Editorial,c2010. a1 recurso en l{acute}inea (262 p{acute}aginas) :bilustraciones atextobtxt2rdacontent/spa acomputadorabc2rdamedia/spa arecurso en l{acute}ineabcr2rdacarrier/spa aContiene bibliograf{acute}ia. aDescripci{acute}on basada en recurso en l{acute}inea; T{acute}itulo de la p{acute}agina del t{acute}itulo en PDF (e-libro, visto November 17, 2017). aRecurso electr{acute}onico. Santa Fe, Arg.: e-libro, 2017. Disponible v{acute}ia World Wide Web. El acceso puede estar limitado para las bibliotecas afiliadas a e-libro. 0aChild development. 0aPhysical education and training. 0aMotor ability in children. 4aDesarrollo del ni{tilde}no. 4aEducaci{acute}on f{acute}isica. 4aLibros electr{acute}onicos.2 ae-libro, Corp.40uhttps://elibro.net/ereader/politecnicointernacional/33772 c46159d46159